Las veleidades de la fortuna
Saved in:
| Hovedforfatter: | |
|---|---|
| Format: | Bog |
| Sprog: | spansk |
| Udgivet: |
Buenos Aires
Espasa-Calpa
1946
|
| Udgivelse: | 2a. ed |
| Serier: | Colección Austral, 288
|
| Fag: | |
| Tags: |
Tilføj Tag
Ingen Tags, Vær først til at tagge denne postø!
|
MARC
| LEADER | 00000nam a2200000 a 4500 | ||
|---|---|---|---|
| 001 | UCQ6204 | ||
| 003 | CL-VaPUC | ||
| 008 | 981009e19460000AG |||||||||||||||||spa|d | ||
| 082 | 0 | 4 | |a 863 |b BAR |2 21 |
| 100 | 0 | |a Baroja, Pío |e author |9 322211 | |
| 245 | 1 | 4 | |a Las veleidades de la fortuna |
| 250 | |a 2a. ed | ||
| 300 | |a 188 p | ||
| 942 | |c BK | ||
| 945 | |d 19981009 00:00:00 |a crobeson | ||
| 260 | |a Buenos Aires |b Espasa-Calpa |c 1946 | ||
| 650 | 0 | |a Novelas españolas |9 265052 | |
| 650 | 0 | |a Literatura española |9 306261 | |
| 583 | |a last modification |c 19981009 00:00:00 |k Rodrigo Vera | ||
| 490 | 0 | |a Colección Austral, 288 | |
| 999 | |c 276206 |d 276204 | ||
| 952 | |0 0 |1 0 |4 0 |6 863_000000000000000_BAR_1946 |7 0 |8 A |9 313352 |a BIBEDU |b BIBEDU |d 2019-11-20 |i 1476912 |o 863 BAR 1946 |p 1476912 |r 2019-11-20 |w 2019-11-20 |y BK |k LIT | ||
| 952 | |0 0 |1 0 |4 0 |6 863_000000000000000_BAR_1946 |7 0 |8 A |9 313353 |a BIBEDU |b BIBEDU |d 2019-11-20 |i 1337939 |o 863 BAR 1946 |p 1337939 |r 2019-11-20 |w 2019-11-20 |y BK |k LIT | ||